[Event "Hessen-ch U14"]
[Site "Bad Homburg"]
[Date "2012.??.??"]
[Round "6"]
[White "Paulsen, Alexej"]
[Black "Krone, Jan"]
[Result "1-0"]
[WhiteElo "1586"]
[BlackElo "1017"]
[PlyCount "62"]
[EventDate "2012.04.??"]
[EventType "swiss"]
[EventRounds "9"]
[EventCountry "GER"]
[SourceTitle "EXT 2015"]
[Source "ChessBase"]
[SourceDate "2014.11.20"]
[SourceVersion "1"]
[SourceVersionDate "2014.11.20"]
[SourceQuality "1"]

1. e4 e6 2. d4 d5 3. Nc3 Bb4 4. Nge2 c5 5. a3 Bxc3+ 6. Nxc3 Nc6 7. dxc5 Qa5 8. exd5 exd5 9. Be3 Be6 10. b4 Qc7 11. Nb5 Qe5 12. Nd6+ Ke7 13. Nb5 a6 14. Nd4 Nxd4 15. Qxd4 Qxd4 16. Bxd4 Nf6 17. Bd3 h6 18. 0-0 Rhe8 19. Rfe1 Kd7 20. c3 Re7 21. Bc2 Rae8 22. Ba4+ Kc7 23. Bxe8 Rxe8 24. Bxf6 gxf6 25. Rad1 Kd7 26. c4 Re7 27. cxd5 Bxd5 28. Rxe7+ Kxe7 29. Rxd5 Ke6 30. Rd6+ Ke7 31. a4 h5 1-0